| 000 | 01548nam a2200385Ia 4500 | ||
|---|---|---|---|
| 001 | ebr10155822 | ||
| 003 | CaPaEBR | ||
| 006 | m u | ||
| 007 | cr cn||||||||| | ||
| 008 | 070110s2007 ne ab sb 001 0 eng d | ||
| 020 | _z0123706408 (hd cover) | ||
| 020 | _z9780080466477 | ||
| 020 | _z9780123706409 (hd cover) | ||
| 040 |
_aCaPaEBR _cCaPaEBR |
||
| 035 | _a(OCoLC)162131422 | ||
| 050 | 1 | 4 |
_aRA1211 _b.T69 2007eb |
| 245 | 0 | 0 |
_aToxic legacy _h[electronic resource] : _bsynthetic toxins in the food, water, and air of American cities / _cPatrick J. Sullivan ... [et al.]. |
| 260 |
_aAmsterdam ; _aBoston : _bElsevier Academic Press, _cc2007. |
||
| 300 |
_axv, 552 p. : _bill., maps. |
||
| 504 | _aIncludes bibliographical references and index. | ||
| 533 |
_aElectronic reproduction. _bPalo Alto, Calif. : _cebrary, _d2011. _nAvailable via World Wide Web. _nAccess may be limited to ebrary affiliated libraries. |
||
| 650 | 0 |
_aToxicology _zUnited States. |
|
| 650 | 0 | _aToxins. | |
| 650 | 0 | _aPollutants. | |
| 650 | 0 |
_aPoisons _xSafety measures. |
|
| 650 | 0 |
_aEnvironmental toxicology _zUnited States. |
|
| 650 | 0 |
_aEnvironmental health _zUnited States. |
|
| 655 | 7 |
_aElectronic books. _2local |
|
| 700 | 1 |
_aSullivan, Patrick J., _cPh. D. |
|
| 700 | 1 | _aClark, James J. J. | |
| 700 | 1 | _aAgardy, Franklin J. | |
| 700 | 1 |
_aRosenfeld, Paul E. _q(Paul Edward), _d1969- |
|
| 710 | 2 | _aebrary, Inc. | |
| 856 | 4 | 0 |
_uhttp://site.ebrary.com/lib/rucke/Doc?id=10155822 _zAn electronic book accessible through the World Wide Web; click to view |
| 999 |
_c93025 _d93025 |
||